000 00888cab a22002415a 4500
001 L159891
008 150113e2017 xxk 000 0 eng d
035 _a(Sirsi) u159891
041 0 _aeng
050 _a690.241 $2 18
100 1 _aDickson, Bryan
245 0 0 _aAccreditation where it's due
_h[electronic resource]
260 _aLondon
_bRICS
_c2017
490 _aRICS Building Surveying Journal
_vDecember 2017 - January 2018, 32-33(2)
520 _aMaintains that ensuring conservation skills are retained and shared is just as important as protecting historic buildings.
650 2 4 _aHistoric buildings
650 2 4 _aHERITAGE PROPERTY
651 4 _aUnited Kingdom
_y
690 _aConservation and restoration
856 4 0 _uhttps://issuu.com/ricsmodus/docs/building_surveying_journal_december_cfa9ea648afe6a
_yAvailable free online via Issuu
856 4 0 _u
_z
942 _n0
999 _c85047
_d85047